000 00563nam a2200217Ia 4500
003 OSt
005 20220928135809.0
006 a|||||r|||| 00| 0
007 ta
008 220927b |||||||| |||| 00| 0 eng d
024 _a4817
037 _cTextual
040 _aSDCL
_cSDCL
_beng
041 _2eng
_aeng
082 _aX:57, P4
100 _aHomaifar Ghassem A
_9492791
245 0 _aManaging global financial and foreign exchange rate risk
260 _c2004
942 _hX:57, P4
_cTEXL
_2CC
999 _c808449
_d808449